<?xml version='1.0' encoding='UTF-8'?>
  <record xmlns="http://www.loc.gov/MARC21/slim">
    <leader>00000cam a22000001i 4500</leader>
    <controlfield tag="001">ocm14733055</controlfield>
    <controlfield tag="003">OCoLC</controlfield>
    <controlfield tag="005">20231002203107.2</controlfield>
    <controlfield tag="008">810622s1940    ne a     m    000 0 dut  </controlfield>
    <datafield tag="010" ind1=" " ind2=" ">
      <subfield code="a">   50041690 </subfield>
    </datafield>
    <datafield tag="040" ind1=" " ind2=" ">
      <subfield code="a">NLM</subfield>
      <subfield code="b">eng</subfield>
      <subfield code="c">NLM</subfield>
      <subfield code="d">PAU</subfield>
      <subfield code="d">OCLCF</subfield>
      <subfield code="d">OCLCQ</subfield>
      <subfield code="d">OCLCO</subfield>
      <subfield code="d">QGJ</subfield>
      <subfield code="d">OCLCA</subfield>
      <subfield code="d">OCLCQ</subfield>
      <subfield code="d">OCLCO</subfield>
      <subfield code="d">WURST</subfield>
      <subfield code="d">OCL</subfield>
      <subfield code="d">OCLCO</subfield>
      <subfield code="d">OCLCQ</subfield>
      <subfield code="d">OCLCO</subfield>
    </datafield>
    <datafield tag="016" ind1="7" ind2=" ">
      <subfield code="a">04830170R</subfield>
      <subfield code="2">DNLM</subfield>
    </datafield>
    <datafield tag="019" ind1=" " ind2=" ">
      <subfield code="a">187456674</subfield>
    </datafield>
    <datafield tag="029" ind1="0" ind2=" ">
      <subfield code="a">NLM</subfield>
      <subfield code="b">04830170R</subfield>
    </datafield>
    <datafield tag="029" ind1="1" ind2=" ">
      <subfield code="a">CHBIS</subfield>
      <subfield code="b">007211651</subfield>
    </datafield>
    <datafield tag="029" ind1="1" ind2=" ">
      <subfield code="a">CHVBK</subfield>
      <subfield code="b">181784920</subfield>
    </datafield>
    <datafield tag="029" ind1="1" ind2=" ">
      <subfield code="a">DEBSZ</subfield>
      <subfield code="b">272640514</subfield>
    </datafield>
    <datafield tag="029" ind1="1" ind2=" ">
      <subfield code="a">NLGGC</subfield>
      <subfield code="b">059096950</subfield>
    </datafield>
    <datafield tag="035" ind1=" " ind2=" ">
      <subfield code="a">(OCoLC)14733055</subfield>
      <subfield code="z">(OCoLC)187456674</subfield>
    </datafield>
    <datafield tag="041" ind1="0" ind2=" ">
      <subfield code="a">dut</subfield>
      <subfield code="b">eng</subfield>
    </datafield>
    <datafield tag="050" ind1="0" ind2=" ">
      <subfield code="a">QC185</subfield>
      <subfield code="b">.F7</subfield>
    </datafield>
    <datafield tag="060" ind1="0" ind2="0">
      <subfield code="a">QD 543</subfield>
      <subfield code="b">S755o 1940</subfield>
    </datafield>
    <datafield tag="100" ind1="1" ind2=" ">
      <subfield code="a">Spier, Joseph Levie.</subfield>
    </datafield>
    <datafield tag="245" ind1="1" ind2="0">
      <subfield code="a">Optische bepaling van diffusiecoëfficiënten /</subfield>
      <subfield code="c">door Joseph Levie Spier.</subfield>
    </datafield>
    <datafield tag="260" ind1=" " ind2=" ">
      <subfield code="a">Utrecht,</subfield>
      <subfield code="c">1940.</subfield>
    </datafield>
    <datafield tag="300" ind1=" " ind2=" ">
      <subfield code="a">70 pages :</subfield>
      <subfield code="b">illustrations ;</subfield>
      <subfield code="c">25 cm</subfield>
    </datafield>
    <datafield tag="336" ind1=" " ind2=" ">
      <subfield code="a">text</subfield>
      <subfield code="b">txt</subfield>
      <subfield code="2">rdacontent</subfield>
    </datafield>
    <datafield tag="337" ind1=" " ind2=" ">
      <subfield code="a">unmediated</subfield>
      <subfield code="b">n</subfield>
      <subfield code="2">rdamedia</subfield>
    </datafield>
    <datafield tag="338" ind1=" " ind2=" ">
      <subfield code="a">volume</subfield>
      <subfield code="b">nc</subfield>
      <subfield code="2">rdacarrier</subfield>
    </datafield>
    <datafield tag="500" ind1=" " ind2=" ">
      <subfield code="a">English summary.</subfield>
    </datafield>
    <datafield tag="502" ind1=" " ind2=" ">
      <subfield code="a">Proefschrift - Utrecht.</subfield>
    </datafield>
    <datafield tag="504" ind1=" " ind2=" ">
      <subfield code="a">"Literatuurlijst": pages 67-68.</subfield>
    </datafield>
    <datafield tag="650" ind1=" " ind2="0">
      <subfield code="a">Optical measurements.</subfield>
    </datafield>
    <datafield tag="650" ind1=" " ind2="0">
      <subfield code="a">Diffusion.</subfield>
    </datafield>
    <datafield tag="650" ind1=" " ind2="0">
      <subfield code="a">Vapors.</subfield>
    </datafield>
    <datafield tag="650" ind1=" " ind2="2">
      <subfield code="a">Diffusion</subfield>
    </datafield>
    <datafield tag="650" ind1=" " ind2="6">
      <subfield code="a">Mesures optiques.</subfield>
    </datafield>
    <datafield tag="650" ind1=" " ind2="6">
      <subfield code="a">Diffusion (Physique)</subfield>
    </datafield>
    <datafield tag="650" ind1=" " ind2="6">
      <subfield code="a">Vapeurs.</subfield>
    </datafield>
    <datafield tag="650" ind1=" " ind2="7">
      <subfield code="a">diffusion.</subfield>
      <subfield code="2">aat</subfield>
    </datafield>
    <datafield tag="650" ind1=" " ind2="7">
      <subfield code="a">Diffusion</subfield>
      <subfield code="2">fast</subfield>
    </datafield>
    <datafield tag="650" ind1=" " ind2="7">
      <subfield code="a">Optical measurements</subfield>
      <subfield code="2">fast</subfield>
    </datafield>
    <datafield tag="650" ind1=" " ind2="7">
      <subfield code="a">Vapors</subfield>
      <subfield code="2">fast</subfield>
    </datafield>
    <datafield tag="653" ind1="0" ind2="0">
      <subfield code="a">diffusie</subfield>
    </datafield>
    <datafield tag="653" ind1="0" ind2="0">
      <subfield code="a">diffusion</subfield>
    </datafield>
    <datafield tag="653" ind1="0" ind2="0">
      <subfield code="a">gassen</subfield>
    </datafield>
    <datafield tag="653" ind1="0" ind2="0">
      <subfield code="a">gases</subfield>
    </datafield>
    <datafield tag="653" ind1="0" ind2="0">
      <subfield code="a">mechanica</subfield>
    </datafield>
    <datafield tag="653" ind1="0" ind2="0">
      <subfield code="a">mechanics</subfield>
    </datafield>
    <datafield tag="653" ind1="0" ind2="0">
      <subfield code="a">optische eigenschappen</subfield>
    </datafield>
    <datafield tag="653" ind1="0" ind2="0">
      <subfield code="a">optical properties</subfield>
    </datafield>
    <datafield tag="653" ind1="0" ind2="0">
      <subfield code="a">fotometrie</subfield>
    </datafield>
    <datafield tag="653" ind1="0" ind2="0">
      <subfield code="a">photometry</subfield>
    </datafield>
    <datafield tag="653" ind1="0" ind2="0">
      <subfield code="a">optica</subfield>
    </datafield>
    <datafield tag="653" ind1="0" ind2="0">
      <subfield code="a">optics</subfield>
    </datafield>
    <datafield tag="653" ind1="1" ind2="0">
      <subfield code="a">Physics (General)</subfield>
    </datafield>
    <datafield tag="653" ind1="1" ind2="0">
      <subfield code="a">Fysica (algemeen)</subfield>
    </datafield>
    <datafield tag="655" ind1=" " ind2="2">
      <subfield code="a">Academic Dissertation</subfield>
    </datafield>
    <datafield tag="655" ind1=" " ind2="7">
      <subfield code="a">dissertations.</subfield>
      <subfield code="2">aat</subfield>
    </datafield>
    <datafield tag="655" ind1=" " ind2="7">
      <subfield code="a">Academic theses</subfield>
      <subfield code="2">fast</subfield>
    </datafield>
    <datafield tag="655" ind1=" " ind2="7">
      <subfield code="a">Academic theses.</subfield>
      <subfield code="2">lcgft</subfield>
    </datafield>
    <datafield tag="655" ind1=" " ind2="7">
      <subfield code="a">Thèses et écrits académiques.</subfield>
      <subfield code="2">rvmgf</subfield>
    </datafield>
    <datafield tag="776" ind1="0" ind2="8">
      <subfield code="i">Online version:</subfield>
      <subfield code="a">Spier, Joseph Levie.</subfield>
      <subfield code="t">Optische bepaling van diffusiecoëfficiënten.</subfield>
      <subfield code="d">Utrecht, 1940</subfield>
      <subfield code="w">(OCoLC)649980766</subfield>
    </datafield>
  </record>